Countries that Border Austria - Statistics

General Stats
  • This quiz has been taken 104 times
  • The average score is 8 of 8
Answer Stats
Length Country % Correct
497 mi Germany
100%
205 mi Hungary
99%
112 mi Switzerland
99%
185 mi Slovakia
93%
185 mi Slovenia
93%
251 mi Italy
92%
249 mi Czech Republic
91%
21 mi Liechtenstein
90%
No matching quizzes found
Score Distribution
Percent of People with Each Score
Percentile by Number Answered
Your Score History
You have not taken this quiz